00765nam a2200229 a 450000100060000000300080000600500170001400800410003103500190007204000420009104100080013308200280014110000210016924501140019026000570030430000330036150000190039465000310041365000340044470000240047874000330050245404BD-RjUL20211209054016.0500101s1933 enka b 001 0 eng d a(BD-RjUL)45522 aDLCcGUAdGUAdNRCdEQOdBD-RjULbeng aeng 223a338.10942bASP 19331 aAstor, Viscount,14aThe planning of agriculture /cby Viscount Astor and Keith A. H. Murray. With a foreword by Sir Arthur Salter aLondon :bOxford University Press, H. Milford,c1933 axvi, 186 p. :bill. ;c23 cm aIncludes index 0aAgriculturezGreat Britain 0aAgriculturexEconomic aspects1 aMurray, Kelth A. H.0 aAgriculture, the planning of